01546nam a2200337 a 4500001001000000003000500010005001700015008004100032010001100073011001100084040000900095090001000104100004100114245020900155260004100364500006000405502010400465590004000569590004000609590004000649650004800689650005500737650003900792856007000831901000700901942001000908942000600918999001900924952013000943952013501073000114660CHAP20220329144452.0180315s2017 mx sm |||||||spa d a111121 a112093 cCHAP aTesis1 aOrtiz Hurtado, José Ubaldo913490010aEvaluación de las características económicas, tecnólogicas, productivaas y sociales de la ovinicultura en la región centro del Estado de Zacatecash[En línea]cpor José Ubaldo Ortiz Hurtado. aChapingo, Méx. :bEl autor,c2017. aPara ver el contenido del material haga clic en la liga aTesis (M.C. en Desarrollo Rural Regional) -- UACH. Dirección de Centros Regionales Universitarios aE6339RRRb05c20180315lUCH01h1046 aE6339RRRb05c20180315lUCH01h1046 aE6339RRRb05c20180315lUCH01h104814aGanado lanarxAspectos económicos.94515714aGanado lanarxInnovaciones tecnológicas.912553314aGanado lanarxProducción.945214 aFinding aiduhttp://10.13.5.2/tesis/sist114660.pdfzTeclea aquí aBK cLIBRO n0 c111121d111121 00102local4051708TESISaBCbBCcPA_TESISd2018-03-15fTESISl0oTesisp114660-10r2019-12-31 00:00:00w2019-12-31yTESIS 00102local4053708TESISaBCbBCcPA_TESISd2018-03-15fLIBROl0oTesisp114660-20r2019-12-31 00:00:00tc.2w2019-12-31yTESIS